Information structuring and its implementations on a Research Decision Support System.
Analýza rozhodovacích procesov z hľadiska štruktúrovania informácií. Argumenty pre potrebu moderného systému, ktorý by pomáhal pri rozhodovaní a konštrukcia prototypu takéhoto systému s názvom Systém pre podporu rozhodnutí vo výskume (RDSS - Research Decision Support System).
Salvato in:
| Natura: | Capitolo di libro |
|---|---|
| Lingua: | inglese |
| Soggetti: | |
| Tags: |
Nessun Tag, puoi essere il primo ad aggiungerne!!
|
MARC
| LEADER | 00000naa a2200000 4500 | ||
|---|---|---|---|
| 001 | r008044 | ||
| 005 | 20221130102818.9 | ||
| 041 | 0 | |a eng | |
| 044 | |a NL | ||
| 245 | 1 | 0 | |a Information structuring and its implementations on a Research Decision Support System. |
| 520 | |a Analýza rozhodovacích procesov z hľadiska štruktúrovania informácií. Argumenty pre potrebu moderného systému, ktorý by pomáhal pri rozhodovaní a konštrukcia prototypu takéhoto systému s názvom Systém pre podporu rozhodnutí vo výskume (RDSS - Research Decision Support System). | ||
| 610 | 2 | 0 | |a DSS |
| 610 | 2 | 0 | |a výskum |
| 610 | 2 | 0 | |a systémy podporné rozhodovacie |
| 610 | 2 | 0 | |a rozhodovanie |
| 610 | 2 | 0 | |a štruktúra systémov |
| 610 | 2 | 0 | |a systémy informačné |